Hendak seribu daya

Bibliographic Details
Main Author: Nor Azizul Harun
Other Authors: Syed Salman
Format: Book
Published: Selangor : Kensington Eduhauz Enterprise , 2020
Series:Siri kecerdasan emosi
Subjects:

MARC

LEADER 00000cam a2200000 7i4500
001 0000278671
005 20210121093754.0
020 |a 9789672242024 
090 0 0 |a JF   |b NOR 
100 0 |a Nor Azizul Harun 
245 1 0 |a Hendak seribu daya   |c Nor Azizul Harun; illustrasi oleh Syed Salman 
260 |a Selangor :   |b Kensington Eduhauz Enterprise ,   |c 2020 
300 |a 30p. :   |b ill.,col. ;   |c 26cm. 
490 0 |a Siri kecerdasan emosi 
650 0 |a Children's stories, Malay 
700 0 |a Syed Salman 
999 |a 00384674   |b BUKU   |c PINJAMAN   |e PERPUSTAKAAN KOMUNITI PETALING JAYA